• 首页
  • 本馆介绍
  • 公告通知
  • 最新文献
  • 馆藏检索
  • 电子资源
  • 读者导购
  • 参考咨询
  • 我的图书馆
  • 登录
  • 详细信息显示
  • 放入我的书架
  • 预约/预借图书
  • 作者相关作品
  • 分类相关作品
  • 丛书相关作品
  • 出版社相关作品

书目信息

  • 表格格式
  • 工作单格式
  • 卡片格式
题名:
化工仪表及自动化
    
 
作者: 厉玉鸣 主编
分册:  
出版信息: 北京   化学工业出版社  1987
页数: 291页
开本: 26cm
丛书名:
单 册:
中图分类: TQ056
科图分类: 81.1887
主题词: 化工仪表--成人高等学校--教材 , 化工过程-自动控制系统--成人高等学校--教材 , 化学工业--自动化--成人高等学校--教材 , 自动控制系统-化工过程--成人高等学校--教材
电子资源:
ISBN: 7-5025-0724-8
000 00856nam0 2200277 45
001 0198009571
005 20070619154910.17
010    @a7-5025-0724-8@dCNY11.65
100    @a19980216d1987 em y0chiy0121 ea
101 0  @achi
102    @aCN@b110000
105    @ay z 000yy
200 10 @a化工仪表及自动化@Ahua gong yi biao ji zi dong hua@f厉玉鸣主编
210    @a北京@c化学工业出版社@d1987@h1994
215    @a291页@d26cm
300    @a化工类专业适用
300    @a职工高等工业专科学校试用教材
606    @a化工仪表@x成人高等学校@x教材
606    @a化工过程-自动控制系统@x成人高等学校@x教材
606    @a化学工业@x自动化@x成人高等学校@x教材
606    @a自动控制系统-化工过程@x成人高等学校@x教材
690    @aTQ056@v3
692    @a81.1887@v2
701  0 @a厉玉鸣@Ali yu ming@4主编
801  0 @aCN@bTSSF@c20070619
905    @a10447@dTQ056@e141
    
    化工仪表及自动化/厉玉鸣主编.-北京:化学工业出版社,1987(1994)
    291页;26cm
    化工类专业适用.-职工高等工业专科学校试用教材
    
    ISBN 7-5025-0724-8:CNY11.65
    
●
相关链接 在E读中查询图书 在五车中查询图书 在当当中查询图书 在豆瓣中查询图书


正题名:化工仪表及自动化     索取号:TQ056/141         预约/预借

序号 登录号 条形码 馆藏地/架位号 状态 备注
1 0654231   206542311   第二样本阅览室/ [索取号:TQ056/141] 在馆    
2 0654232   206542320   密集书库/ [索取号:TQ056/141] 在馆    
3 0654233   206542339   密集书库/ [索取号:TQ056/141] 在馆    
唐山师范学院图书馆 欢迎您!
大连网信软件有限公司© 版权所有